Top 100 Pop Hits of 1985 - Statistics

General Stats
  • This quiz has been taken 43 times
    8 since last reset
  • The average score is 56 of 100
Answer Stats
Rank Song Title Artist % Correct
10 Take On Me A-Ha
100%
92 Born in the USA Bruce Springsteen
100%
24 Heaven Bryan Adams
100%
4 I Want To Know What Love Is Foreigner
100%
15 The Power of Love Huey Lewis and The News
100%
75 Walking on Sunshine Katrina and the Waves
100%
2 Like a Virgin Madonna
100%
3 Wake Me Up Before You Go-Go Wham!
100%
1 Careless Whisper Wham!/George Michael
100%
74 Summer of '69 Bryan Adams
86%
8 Money For Nothing Dire Straits
86%
53 The Boys of Summer Don Henley
86%
58 Material Girl Madonna
86%
45 Sussudio Phil Collins
86%
12 Easy Lover Philip Bailey/Phil Collins
86%
13 Can't Fight This Feeling REO Speedwagon
86%
62 Smooth Operator Sade
86%
14 We Built This City Starship
86%
23 Saving All My Love For You Whitney Houston
86%
67 Glory Days Bruce Springsteen
71%
37 You're the Inspiration Chicago
71%
6 Out of Touch Darryl Hall and John Oates
71%
35 A View to a Kill Duran Duran
71%
19 The Heat is On Glenn Frey
71%
18 St. Elmo's Fire (Man in Motion) John Parr
71%
78 Valotte Julian Lennon
71%
39 We Belong Pat Benatar
71%
72 No More Lonely Nights Paul McCartney
71%
33 One More Night Phil Collins
71%
51 Raspberry Beret Prince
71%
7 Everybody Wants To Rule The World Tears for Fears
71%
21 Shout! Tears for Fears
71%
93 Private Dancer Tina Turner
71%
20 We Are The World USA for Africa
71%
28 Loverboy Billy Ocean
57%
52 Suddenly Billy Ocean
57%
82 I'm on Fire Bruce Springsteen
57%
66 Run To You Bryan Adams
57%
5 I Feel For You Chaka Khan
57%
83 Method of Modern Love Daryl Hall and John Oates
57%
88 California Girls David Lee Roth
57%
32 Rhythm of the Night DeBarge
57%
97 All She Wants to Do Is Dance Don Henley
57%
77 Too Late For Goodbyes Julian Lennon
57%
89 Fresh Kool and the Gang
57%
17 Cherish Kool & The Gang
57%
96 Penny Lover Lionel Richie
57%
9 Crazy For You Madonna
57%
98 Dress You Up Madonna
57%
54 One Night in Bangkok Murray Head
57%
11 Everytime You Go Away Paul Young
57%
64 Don't Lose My Number Phil Collins
57%
50 Separate Lives Phil Collins/Marilyn Martin
57%
100 Sugar Walls Sheena Easton
57%
16 Don't You (Forget About Me) Simple Minds
57%
22 Part-Time Lover Stevie Wonder
57%
55 If You Love Somebody Set Them Free Sting
57%
40 Nightshift The Commodores
57%
57 We Don't Need Another Hero (Thunderdome) Tina Turner
57%
43 Freeway of Love Aretha Franklin
43%
94 Who's Zoomin' Who Aretha Franklin
43%
80 Solid Ashford and Simpson
43%
65 All Through The Night Cyndi Lauper
43%
85 Who's Holding Donna Now DeBarge
43%
36 The Wild Boys Duran Duran
43%
70 Would I Lie To You? Eurythmics
43%
30 You Belong to the City Glenn Frey
43%
87 What About Love Heart
43%
41 Things Can Only Get Better Howard Jones
43%
27 Miami Vice Theme Jan Hammer
43%
86 Lonely Ol' Night John Cougar Mellencamp
43%
38 Neutron Dance Pointer Sisters
43%
46 Strut Sheena Easton
43%
60 Head Over Heels Tears for Fears
43%
34 Sea of Love The Honeydrippers
43%
59 Better Be Good To Me Tina Turner
43%
25 Everything She Wants Wham!
43%
76 Freedom Wham!
43%
71 Be Near Me ABC
29%
56 Obsession Animotion
29%
44 Never Surrender Corey Hart
29%
49 Missing You Diana Ross
29%
90 Do What You Do Jermaine Jackson
29%
69 Misled Kool and the Gang
29%
63 In My House Mary Jane Girls
29%
26 Cool It Now New Edition
29%
79 Some Like It Hot Power Station
29%
31 Oh Shelia Ready for the World
29%
95 Fortress Around Your Heart Sting
29%
48 The Search Is Over Survivor
29%
73 I Can't Hold Back Survivor
29%
29 Lovergirl Teena Marie
29%
91 Jungle Love The Time
29%
84 Lay Your Hands On Me Thompson Twins
29%
68 Voices Carry 'Til Tuesday
29%
47 You Give Good Love Whitney Houston
29%
61 Axel F Harold Faltermeyer
14%
42 All I Need Jack Wagner
14%
81 Angel Madonna
14%
99 Sentimental Street Night Ranger
14%
No matching quizzes found
Score Distribution
Percent of People with Each Score
Percentile by Number Answered
Your Score History
You have not taken this quiz since the last reset